000 00638nam a2200241Ia 4500
003 OSt
005 20220918230509.0
006 a|||||r|||| 00| 0
007 ta
008 220917b |||||||| |||| 00| 0 eng d
024 _a254,890
037 _cTextual
040 _aARTS
_cARTS
_beng
041 _2eng
_aeng
082 _aV6133:2:N6, L0
100 _aMurray D J
_9152735
245 0 _aGovernmental system in southern Rhodesia
260 _aOxford
_bClarendon Press UK
_c1970
300 _axxi,393p.
_ccm.
650 _aHISTORY
942 _hV6133:2:N6, L0
_cTEXL
_2CC
999 _c288226
_d288226